00821nas a2200289 4500001001300000003000900013005001700022007000300039008003400042040005400076041000900130072001300139100002000152100001700172100001300189100001900202100001900221100001600240245006400256650001300320650001000333650003200343650001700375650001500392650001400407773011000421BR2014004514BR-BrBNA20231205124254.0ta230509b bl.|||p| |||| 00| 00por d aBR-BrBNAbporcBiblioteca Nacional de Agricultura a(En) aF08; F611 aSkonieski, F.R.1 aViégas, J.1 aCruz, P.1 aNornberg, J.L.1 aBermudes, R.F.1 aGabbi, A.M.1 aDynamics of nitrogen concentration on intercropped ryegrass aAZEVÉM aAVEIA aCONSORCIAÇÃO DE CULTURA aNITROGÊNIO aLEGUMINOSA aNUTRIENTE0 tActa Scientiarum. Animal Sciences (Brazil)xISSN 1806-2636g(Jan-Mar 2012), v. 34(1) p. 1-6wBR2014004514